|
|
|
|
| LEADER |
00884pam a22002418a 4500 |
| 001 |
00042969 |
| 005 |
20181031081025.0 |
| 008 |
161121s2013 ||||||Viesd |
| 020 |
# |
# |
|a 978 604 57 2941 0
|c 92000
|
| 041 |
0 |
# |
|a Vie
|
| 082 |
1 |
4 |
|a 344.597 02
|b C120N
|
| 100 |
1 |
# |
|a Lê, Thị Thúy Dương
|
| 245 |
0 |
0 |
|a Cẩm nang tra cứu pháp luật về bảo hiểm xã hội và bảo hiểm thất nghiệp
|c Lê Thị Thúy Dương
|
| 260 |
# |
# |
|a Hà Nội
|b Chính trị quốc gia Sự thật
|c 2017
|
| 300 |
# |
# |
|a 407 tr.
|c 21 cm
|
| 653 |
# |
# |
|a Việt Nam
|
| 653 |
# |
# |
|a bảo hiểm thất nghiệp
|
| 653 |
# |
# |
|a bảo hiểm xã hội
|
| 653 |
# |
# |
|a cẩm nang
|
| 653 |
# |
# |
|a pháp luật
|
| 852 |
# |
# |
|j KD.0024891
|
| 910 |
0 |
# |
|d 30/10/2018
|
| 980 |
# |
# |
|a Trung tâm Học liệu Lê Vũ Hùng, Trường Đại học Đồng Tháp
|